00521nam a22001697a 450000500170000001000150001702000110003203500140004303700090005708200150006610000200008124500430010125000060014426000500015027001200020030000310032020250220143519.0 aENG-143045 c300.00 aEN-126577 bDBAD a599.75621 aDhamankar, Atul atrailing the Tiger/cBy Atul Dhamankar a1 aMumbaibSoniya Khare Inking Innovationsc2014 aGround Floor, India rinting House 42, G.D. Ambedkar MArg, WadalabMumbaie400031mipwsoniya@gmail.comk022-24186233 a195p.c21cm(pb)bCol. Ill.